000 00389cam a2200169ua 4500
020 _c1.00
041 _amal
_h
082 _a894.8122
_bBAL/YU
100 _aBalagopalan, V.K .
245 _aYuva Kavi /
_cV.K.Balagopalan.
_hTextual Documents
260 _a :
_bV.K.Balagopalan ,
_c1966.
300 _a65 ; .
365 _a1.00
504 _a
942 _cBK
999 _c999
_d999